000 00526nam a22001697a 4500
005 20260417165304.0
008 260417b |||||||| |||| 00| 0 eng d
020 _a978-81-203-3331-4
050 _aQA 805 .A 78 2024
100 _aARULDHAS, G
245 _aCLASSICAL MECHANICS
260 _aDELHI,
_bPHI LEARNING PRIVATE LIMITED,
_c2024
300 _aXii, 360 P, ILL
500 _aINCLUDES INDEX
650 _a1.Mechanics-Textbooks 2. Classical mechanics-Textbooks 3.Lagrangian mechanics—Textbooks
942 _2lcc
_cBK
999 _c216997
_d216997